| 000 | 01281nam0a2200289 4500 | ||
|---|---|---|---|
| 001 | RU\NLR\bibl\274411 | ||
| 005 | 20240725233856.0 | ||
| 020 |
_aRU _b00-5645 _9Летопись авторефератов диссертаций |
||
| 021 |
_aRU _b99-1529a _999-62А |
||
| 035 | _a(NLR Aleph) 000269934 | ||
| 090 |
_a1578194 _c1578194 |
||
| 100 | _a20011123d1998 u u0rusy50 ca | ||
| 101 | 0 | _arus | |
| 102 | _aRU | ||
| 105 | _aa dm ||||| | ||
| 200 | 1 |
_aСтратегия управления топливно-энергетическим комплексом в реформируемой экономике _e(На примере Тульск. региона) _eАвтореф. дис. на соиск. учен. степ. к.э.н. _eСпец. 08.00.05 _g[Рос. экон. акад. им. Г.В.Плеханова] |
|
| 210 |
_aМ. _d1998 |
||
| 215 |
_a23 с. _cил. _d20 |
||
| 320 | _aБиблиогр.: с. 23 (6 назв.). | ||
| 610 | 0 | _aТехнические науки - Энергетика. Электротехника | |
| 686 |
_a08.00.05 _2oksvnk |
||
| 700 | 1 |
_aМестоев _bА. Я. _gАхмед Якубович |
|
| 801 | 0 |
_aRU _bRKP _c20011123 _gPSBO |
|
| 801 | 1 |
_aRU _bRKP _c20011123 |
|
| 801 | 2 |
_aRU _bNLR _c20020919 _grcr |
|
| 852 |
_aNLR _jА99/1529 |
||
| 942 | _cBOOK | ||